Voda ako hospodársky tovar

Bibliographic Details
Main Author: Hríbik, Ján, 1950- (Author)
Format: Article
Language:Slovak
Subjects:

MARC

LEADER 00000nab a2200000 a 4500
001 vtls000637061
003 SK-MaSNL
005 20260302185102.0
008 160401c1997 xo 0 slo
015 |a SNBRB19rr/mm-uuuuu 
035 |a CL0637200 
040 |a SNKBUCL  |b slo  |c SNKBUCL  |e AACR2 
041 0 |a slo 
044 |a xo  |c SK 
080 |a 628.1:339.1:061.3  |2 1981 
080 |a 339.1  |2 1981 
100 1 |a Hríbik, Ján,  |d 1950-  |4 aut  |9 360364 
245 1 0 |a Voda ako hospodársky tovar  |c Ján Hríbik 
650 0 7 |a voda  |2 snkbucl  |9 854 
650 0 7 |a tovar  |2 snkbucl  |9 3632 
655 7 |a články z novín a časopisov  |2 snkbucl  |9 267496 
773 0 |t Roľnícke noviny  |g Č. 219 (24. 9. 1997) 
773 0 |t [Príl.] Beseda  |g Roč. 5, č. 21 (1997), s. 5 
850 |a Slovenská národná knižnica v Martine  |a MTA001 
852 |a SNK  |b KIS3GCP 
958 |a RK 
999 |c 1428014  |d 1429944